000
00340 a2200157 4500
001
71456
020
_a
040
_c
Anchieta - Colégio São Paulo
100
_a
Cedraz, Antônio Luiz Ramos
240
1
0
_a
Xaxado Ano 1
_l
por
245
1
0
_a
Xaxado Ano 1
300
_a
95
362
0
_a
2003
650
4
_a
Literatura infantil
942
_c
BK
999
_c
71456
_d
71456